20 città piu grandi d'Italia - Statistics

Statistiche generali
  • Questo quiz è stato fatto 229 volte
  • Il punteggio medio è 16 su 20
Statistiche sulle risposte
Popolazione Città % Corretto
1 366 180 Milano
100%
966 144 Napoli
100%
2 872 800 Roma
100%
882 523 Torino
100%
380 948 Firenze
98%
389 261 Bologna
96%
668 405 Palermo
96%
323 370 Bari
94%
261 321 Venezia
93%
580 097 Genova
90%
311 620 Catania
85%
257 275 Verona
85%
204 338 Trieste
75%
234 293 Messina
69%
196 745 Brescia
68%
195 687 Parma
64%
210 440 Padova
59%
185 273 Modena
57%
198 283 Taranto
50%
193 325 Prato
42%
Nessun quiz corrispondente trovato
Distribuzione punteggi
Percentuale di utenti per punteggio
Percentile per numero di risposta
I tuoi punteggi nel tempo
Non hai fatto questo quiz